000 00487nam a2200157Ia 4500
008 230907s9999||||xx |||||||||||||| ||und||
082 _a620
_bHAS
100 _aAmin ul Hasanat (00000277540)
_9116673
245 0 _aPartial Oxidation of Methane to Syngas Over Biomass Derived Catalyst /
260 _aUSPCAS-E, NUST,
_bIslamabad :
_c2022
300 _axi, 56 p.
520 _aTH-343
650 _aMS-TEE Thesis MS Thesis
700 _aDr Asif Hussain Khoja
_9117190
942 _cTHE
_2ddc
999 _c602021
_d602021